00611nam a22002177a 450000500170000001000130001702000230003003500130005303700160006604000120008208200160009410000160011024500490012625000110017526000450018627000590023130000260029050000410031665000220035765000140037920170124110023.0 aA-609456 a8185200572c150.00 aA-609456 bCen Lib/Ret aDPLbEN a344.01bKUM aKumar, H.L. aLabour problems & remedies /cby H.L. Kumar  a6th ed aNew DelhibUniversal Book Traders c1994 a80, gokhle market, opp. new courts bNew Delhie110054 aliii, 387p.c20cm(Hb) aincludes bibliographical references  aLabour economics  aProblems